Geology of India (Record no. 3725)

MARC details
000 -LEADER
fixed length control field 00384nam a2200157Ia 4500
005 - DATE AND TIME OF LATEST TRANSACTION
control field 20240814115834.0
008 - FIXED-LENGTH DATA ELEMENTS--GENERAL INFORMATION
fixed length control field 240813s9999||||xx |||||||||||||| ||und||
082 ## - DEWEY DECIMAL CLASSIFICATION NUMBER
Classification number 550.954 WAD
100 ## - MAIN ENTRY--PERSONAL NAME
Personal name Wadia, D.N.
245 #0 - TITLE STATEMENT
Title Geology of India
250 ## - EDITION STATEMENT
Edition statement Ed. 3rd
260 ## - PUBLICATION, DISTRIBUTION, ETC.
Place of publication, distribution, etc. London
Name of publisher, distributor, etc. Macmillan and Company
Date of publication, distribution, etc. 1961
300 ## - PHYSICAL DESCRIPTION
Extent xx,536p
650 ## - SUBJECT ADDED ENTRY--TOPICAL TERM
Topical term or geographic name entry element Earth Sciences (Geology)
942 ## - ADDED ENTRY ELEMENTS (KOHA)
Koha item type Book
Holdings
Withdrawn status Lost status Damaged status Not for loan Home library Current library Date acquired Total checkouts Barcode Date last seen Price effective from Koha item type
        Library and Documentation Division NCERT Library and Documentation Division NCERT 08/14/2024   3866 08/14/2024 08/14/2024 Book